Electrodeposition of alloys. (Record no. 30861)

MARC details
000 -LEADER
fixed length control field 01022cam a22002531 4500
001 - CONTROL NUMBER
control field he 65000049
003 - CONTROL NUMBER IDENTIFIER
control field DLC
005 - DATE AND TIME OF LATEST TRANSACTION
control field 20260227111427.0
008 - FIXED-LENGTH DATA ELEMENTS--GENERAL INFORMATION
fixed length control field 800508s1964 is a b 000 0 rus
010 ## - LIBRARY OF CONGRESS CONTROL NUMBER
LC control number he 65000049
035 ## - SYSTEM CONTROL NUMBER
System control number (OCoLC)6296241
040 ## - CATALOGING SOURCE
Original cataloging agency DLC
Transcribing agency NAlfC
Modifying agency DLC
041 1# - LANGUAGE CODE
Language code of text/sound track or separate title engrus
042 ## - AUTHENTICATION CODE
Authentication code premarc
050 00 - LIBRARY OF CONGRESS CALL NUMBER
Classification number TS693
Item number .M613
110 2# - MAIN ENTRY--CORPORATE NAME
Corporate name or jurisdiction name as entry element Moskovskiǐ dom naucho-teknicheskoǐ propagandy imeni F.Ė. Dzerzhinskogo.
245 10 - TITLE STATEMENT
Title Electrodeposition of alloys.
Remainder of title Electroliticheskoe osazhdenie splavov.
Statement of responsibility, etc. V.A. Averkin, editor. Translated from Russian [by Ch. Nisenbaum and others; edited by IPST staff]
260 ## - PUBLICATION, DISTRIBUTION, ETC.
Place of publication, distribution, etc. Jerusalem,
Name of publisher, distributor, etc. Israel Program for Scientific translations; [available from the Office of Technical Services, U.S. Dept. of Commerce, Washington]
Date of publication, distribution, etc. 1964.
300 ## - PHYSICAL DESCRIPTION
Extent 201 p.
Other physical details illus.
Dimensions 24 cm.
500 ## - GENERAL NOTE
General note Obshchestvo po rasprostraneniyu politicheskikh i nauchnykh znanii RSFR.
504 ## - BIBLIOGRAPHY, ETC. NOTE
Bibliography, etc. note Includes bibliographies.
650 #0 - SUBJECT ADDED ENTRY--TOPICAL TERM
Topical term or geographic name entry element Alloy plating.
700 1# - ADDED ENTRY--PERSONAL NAME
Personal name Averkin, V. A.,
Relator term ed.

No items available.

Powered by Koha